Club Bruges - Tous les joueurs (2010-2020) - Statistiques

Statistiques générales
  • Ce quiz a été pris 41 fois
  • Le résultat moyen est 20 sur 132
Statistiques - réponses
Saisons Nationalité Joueur Nb de matchs % Correct
2015-2020 Belgique Hans Vanaken 183
94%
2014-2020 Pays-Bas Ruud Vormer 200
83%
2012-2016, 2017-2020 Belgique Brandon Mechele 172
69%
2019-2020 Belgique Simon Mignolet 27
66%
2011-2018 Israël Lior Refaelov 177
60%
2013-2018 Belgique Björn Engels 57
49%
2013-2018 Belgique Timmy Simons 155
46%
2011-2016 Belgique Thomas Meunier 149
43%
2013-2015 Australie Mathew Ryan 77
40%
2014-2017 Colombie José Izquierdo 84
37%
2011-2016 Espagne Victor Vazquez 121
37%
2015-2019 Brésil Wesley 107
37%
2018-2020 Angola Clinton Mata 49
34%
2019-2020 Ukraine Eduard Sobol 26
34%
2017-2020 Nigeria Emmanuel Dennis 76
34%
2012-2018 Belgique Laurens De Bock 135
34%
2015-2018 Mali Abdoulay Diaby 67
31%
2010-2011 Croatie Ivan Perisic 37
31%
2015-2018 France Ludovic Butelle 59
31%
2011-2013 Colombie Carlos Bacca 45
29%
2017-2020 Sénégal Krépin Diatta 43
29%
2018-2020 Belgique Mats Rits 59
29%
2010-2012 Maroc Nabil Dirar 55
29%
2013-2015 Belgique Tom De Sutter 45
26%
2019-2020 Belgique Charles De Ketelaere 13
23%
2016-2020 Etats-Uniss Ethan Horvath 49
23%
2014-2017 Brésil Felipe Gedoz 47
23%
2015-2019 Belgique Jelle Vossen 112
23%
2012-2016 Costa Rica Oscar Duarte 84
23%
2019-2020 Afrique du Sud Percy Tau 18
23%
2010-2013 Belgique Carl Hoefkens 96
20%
2019-2020 Colombie Eder Alvarez Balanta 16
20%
2019-2020 Uruguay Federico Ricca 8
20%
2018-2020 Belgique Loïs Openda 35
20%
2017-2019 Zimbabwe Marvelous Nakamba 53
20%
2014-2016 Belgique Obbi Oularé 25
20%
2014-2019 Pays-Bas Stefano Denswil 144
20%
2018-2020 Pays-Bas Arnaut Danjuma 21
17%
2015-2019 France Benoît Poulain 69
17%
2017-2020 Croatie Matej Mitrovic 29
17%
2010-2015 Belgique Maxime Lestienne 115
17%
2010-2013 Surinam Ryan Donk 107
17%
2019-2020 Côte d'Ivoire Simon Deli 26
17%
2015-2016 Turquie Sinan Bolat 3
17%
2018-2020 Maroc Sofyan Amrabat 25
17%
2017-2018 Russie Vladimir Gabulov 9
17%
2016-2018 Algérie Ahmed Touba 8
14%
2016-2018 Belgique Anthony Limbombe 42
14%
2014-2017 Brésil Claudemir 70
14%
2019-2020 Nigeria David Okereke 22
14%
2015-2020 Malaisie Dion Cools 81
14%
2017-2018 Pays-Bas Kenneth Vermeer 7
14%
2013-2015 Chili Nicolas Castillo 30
14%
2013-2017 Belgique Nikola Storm 34
14%
2019-2020 Côte d'Ivoire Odilon Kossounou 7
14%
2010-2011 Belgique Stijn Stijnen 12
14%
2016-2020 Belgique Thibault Vlietinck 22
14%
2011-2013 Belgique Björn Vleminckx 33
11%
2010-2014 Belgique Jonathan Blondel 60
11%
2010-2013 Nigeria Joseph Akpala 48
11%
2010-2011 Belgique Karel Geraerts 30
11%
2012-2014 Burundi Mohamed Tchité 25
11%
2010-2011 Vénézuela Ronald Vargas 23
11%
2014-2016 Belgique Sander Coopman 11
11%
2013-2016 Belgique Tuur Dierckx 44
11%
2010-2015 Belgique Vadis Odjidja-Ofoe 130
11%
2017-2019 Danemark Alexander Scholz 6
9%
2018-2019 Belgique Cyril Ngonge 4
9%
2014-2016 Belgique Davy De Fauw 38
9%
2016-2017 Roumanie Dorin Rotariu 12
9%
2014-2015 Chili Francisco Silva 11
9%
2017-2018 Belgique Guillaume Hubert 4
9%
2016-2018 Colombie Helibelton Palacios 16
9%
2011-2013 Espagne Jordi Figueras 33
9%
2017-2018 Pays-Bas Jordy Clasie 20
9%
2010-2011 Costa Rica Junior Diaz 13
9%
2018-2019 Iran Kaveh Rezaei 11
9%
2016-2017 Pays-Bas Lex Immers 10
9%
2019-2020 Sénégal Mbaye Diagne 6
9%
2011-2013 Suède Michael Almebäck 41
9%
2019-2020 Tchéquie Michael Krmencik 6
9%
2016-2017 Pays-Bas Ricardo van Rhijn 21
9%
2017-2019 Suisse Saulo Decarli 20
9%
2015-2016 Belgique Sébastien Bruzzese 19
9%
2011-2014 Norvège Tom Hogli 72
9%
2011-2013, 2014-2015 Serbie Vladan Kujovic 33
9%
2013-2015 Pologne Waldemar Sobota 43
9%
2010-2011 France Wilfried Dalmat 26
9%
2010-2012 Belgique Colin Coosemans 32
6%
2010-2011 Cameroun Dorge Kouemaha 34
6%
2019-2020 Belgique Ignace Van der Brempt 1
6%
2017-2019 Croatie Ivan Tomecak 8
6%
2012-2013 Macédoine du Nord Ivan Trickovski 19
6%
2015-2016 Cameroun Jean-Charles Castelletto 3
6%
2017-2018 Belgique Jordi Vanlerberghe 7
6%
2018-2019 Croatie Karlo Letica 12
6%
2010-2012 Brésil Marcos Camozzato 31
6%
2011-2013 Danemark Niki Zimling 41
6%
2018-2020 Belgique Siebe Schrijvers 46
6%
2016-2017 Espagne Tomas Pina 6
6%
2012-2014 Belgique Birger Verstraete 8
3%
2011-2013 Serbie Bojan Jorgacevic 38
3%
2013-2017 Belgique Boli Bolingoli-Mbombo 40
3%
2018-2019 Belgique Brandon Baiye 1
3%
2012-2014 Islande Eidur Gudjohnsen 46
3%
2017-2018 Colombie German Mera 2
3%
2012-2015 Danemark Jesper Jorgensen 62
3%
2012-2013 Danemark Jim Larsen 13
3%
2013-2014 Nigeria Kehinde Fatai 9
3%
2015-2016 Brésil Leandro Pereira 17
3%
2018-2019 Brésil Luan Peres 4
3%
2010-2011 Canada Michael Klukowski 1
3%
2015-2016 Nigeria Mikel Agu 2
3%
2010-2011 Algérie Mohamed Dahmane 2
3%
2011-2012 Norvège Mushaga Bakenga 8
3%
2011-2012 Belgique Sven Dhoest 1
3%
2010-2013 Belgique Thibaut Van Acker 34
3%
2012-2013 Belgique Bart Buysse 13
0%
2010-2012 Belgique Daan Van Gijseghem 31
0%
2012-2014 Ghana Enoch Adu 18
0%
2011-2013 Suède Fredrik Stenman 24
0%
2011-2012 Belgique Fries Deschilder 3
0%
2010-2011 Belgique Geert De Vlieger 10
0%
2011-2012 Belgique Jannes Vansteenkiste 2
0%
2010-2011 Belgique Jeroen Simaeys 26
0%
2011-2012 Belgique Jimmy De Jonghe 13
0%
2010-2011 Belgique Jorn Vermeulen 8
0%
2011-2012 Tchéquie Matej Vydra 1
0%
2014-2015 Brésil Menegazzo Fernando 10
0%
2010-2011 Belgique Peter Van der Heyden 31
0%
2010-2011 Serbie Stefan Scepovic 4
0%
2013-2014 Chine Wang Shangyuan 7
0%
Aucun quiz correspondant
Distribution des résultats
% des personnes avec chaque résultat
Percentile par nombre de réponses
Votre historique - résultats
Vous n’avez pas pris ce quiz